Подробности
| 000 -МАРКЕР |
| контрольное поле |
01639nam2a2200277 4500 |
| 001 - ИДЕНТИФИКАТОР ЗАПИСИ |
| контрольное поле |
RU\NLR\BIBL_A\016277654 |
| 005 - ИДЕНТИФИКАТОР ВЕРСИИ |
| контрольное поле |
20250625022919.0 |
| 010 ## - МЕЖДУНАРОДНЫЙ СТАНДАРТНЫЙ НОМЕР КНИГИ (ISBN) |
| Номер (ISBN) |
978-5-206-01085-5 |
| 021 ## - НОМЕР ГОСУДАРСТВЕННОЙ РЕГИСТРАЦИИ |
| Код страны |
российская федерация |
| Номер |
2022-94653 |
| Номер Листа государственной регистраци |
КН-П-8446 |
| 035 ## - ДРУГИЕ СИСТЕМНЫЕ НОМЕРА |
| Идентификатор записи |
(RuMoRGB)011509675 |
| 035 ## - ДРУГИЕ СИСТЕМНЫЕ НОМЕРА |
| Идентификатор записи |
(NLR Aleph) 016277654 |
| 100 ## - ДАННЫЕ ОБЩЕЙ ОБРАБОТКИ |
| Данные общей обработки |
20230206d2022 |||y0rusy50 ca |
| 101 0# - ЯЗЫК РЕСУРСА |
| Язык текста, звукозаписи и т.д. |
русский |
| 102 ## - СТРАНА ПУБЛИКАЦИИ ИЛИ ПРОИЗВОДСТВА |
| Страна публикации |
российская федерация |
| 105 ## - ПОЛЕ КОДИРОВАННЫХ ДАННЫХ: ТЕКСТОВЫЕ МАТЕРИАЛЫ, МОНОГРАФИЧЕСКИЕ |
| Кодированные данные о монографическом текстовом документе |
a|||z|||000zy |
| 200 1# - ЗАГЛАВИЕ И СВЕДЕНИЯ ОБ ОТВЕТСТВЕННОСТИ |
| Основное заглавие |
Острая кровопотеря |
| Сведения, относящиеся к заглавию |
[сосудистый доктор: организм - единый сосуд] |
| 210 ## - ПУБЛИКАЦИЯ, РАСПРОСТРАНЕНИЕ И ДР. |
| Дата издания, распространения и т.д. |
2022 |
| Место издания, распространения и т.д. |
Б. м. |
| 215 ## - ФИЗИЧЕСКАЯ ХАРАКТЕРИСТИКА |
| Специфическое обозначение материала и объем |
113, [1] с. |
| Другие сведения о физической характеристике |
ил., цв. ил. |
| 461 #0 - УРОВЕНЬ НАБОРА |
| Встроенное поле |
001RU\NLR\BIBL_A\016277368 |
| -- |
2001#$aПолитравма - взаимоотягощающий синдром боли, острой кровопотери и инфекции$eруководство$eв трёх томах$f[И. А. Шарипов]$gпод редакцией И. А. Шарипова$g[НИИ скорой помощи им. Н. В. Склифосовского]$vТ. 2 |
| -- |
700#1$aШарипов$bИ. А.$gИгорь Андреевич |
| Системный номер (АБИС) связанной записи |
12905544 |
| Автор |
Шарипов, И. А. |
| Место публикации |
Москва |
| Дата публикации |
2022 |
| Первые сведения об ответственности |
[И. А. Шарипов] |
| Имя издателя, распространителя и т.д. |
Известия |
| Сведения, относящиеся к заглавию |
руководство : в трёх томах |
| Заглавие |
Политравма - взаимоотягощающий синдром боли, острой кровопотери и инфекции |
| ISBN |
9785206010855 |
| Номер тома |
Т. 2 |
| 606 1# - НАИМЕНОВАНИЕ ТЕМЫ КАК ПРЕДМЕТ |
| Наименование темы |
Кровопотери |
| Формальный подзаголовок |
Руководства, пособия и т.п |
| Системный номер авторитетной/нормативной записи |
949661 |
| Идентификатор авторитетной/нормативной записи |
RU\NLR\AUTH\6634059 |
| 686 1# - ИНДЕКСЫ ДРУГИХ КЛАССИФИКАЦИЙ |
| Индекс |
Р456.3я7 |
| 942 ## - ДОПОЛНИТЕЛЬНЫЕ ЭЛЕМЕНТЫ ЗАПИСИ (АБИС) |
| Тип экземпляра АБИС |
Книга |
| 980 ## - КОЛЛЕКЦИЯ |
| Название коллекции |
Национальная библиография |